000 009130000a22002530004500
003 EG-GICUC
005 20250223030130.0
008 091110s1971 ua f m 000 0 ara d
040 _aEG-GiCUC
_bara
_cEG-GiCUC
041 0 _aara
049 _aايداع
097 _aماجستير
099 _aCai01.02.06.M.A.1971.شف.و
100 0 _aشفيق حسن مكاوى
245 1 2 _aالوصف عند سيبويه /
_cشفيق حسن مكاوى ؛ اشراف حسين نصار
260 _aالقاهرة :
_bشفيق حسن مكاوى :
_c1971
300 _a166ورقة ؛
_c30سم
502 _aاطروحة(ماجستير) - جامعة القاهرة - كلية الاداب - قسم اللغة العربية وادابها
700 0 _aحسين نصار :
_eمشرف
856 _uhttp://172.23.153.220/th.pdf
905 _aMustafa
_eRevisor
905 _aReda
_eCataloger
942 _2ddc
_cTH
999 _c28225
_d28225